01436naa a22003737a 4500001001000000003000900010005001700019007000300036008003400039040005400073041000900127072002600136090001800162100001900180100001800199100001500217100002000232111008800252245012400340260004000464500011700504650001900621650001900640650000800659650001300667650001300680650001500693650002200708773011400730909003600844942001400880999001900894952014900913BR8704638BR-BrBNA20240918175833.0ta230509b bl.||||| |||| 00| 0 por d aBR-BrBNAbporcBiblioteca Nacional de Agricultura a(Pt) aF04b0150b3801bG514 aF04 BR87046381 aPauletto, E.A.1 aTuratti, A.L.1 aVahl, L.C.1 aGomes, A. da S.1 a12. Reuniao da Cultura do Arroz IrrigadocPorto Alegre, RS (Brazil)d21-23 Sep 19831 aSistemas de preparo do solo, adubacao e calcario no cultivo do arroz irrigado [Oryza sativa, Rio Grande do Sul, Brasil]3 aPorto Alegre, RS (Brasil): c1983.  aAnais da 12. Reuniao da Cultura do Arroz Irrigado Porto Alegre, RS (Brasil): 1983. p. 121-123 (BR8704638-AM)F04  aARROZ IRRIGADO aADUBO ORGANICO aNPK aCALCARIO aADUBACAO aRENDIMENTO aRIO GRANDE DO SUL0 tAnais da 12. Reuniao da Cultura do Arroz IrrigadowF04 BR8704638gPorto Alegre, RS (Brasil), 1983. p. 121-123 a202404bLuciac55dLucia Elande cAM2AGRIS c318371d318371 002AGRIS40708Acervo Gerala41918b41918cAgrobasel0o0150 BR8704610r2024-05-20t01yAM10d2024-04-11ePortaria Interministerial nÂș 164/94